000 00548nam a22001697a 4500
005 20251108164714.0
008 250721s1997 xx 000 0 ara d
082 1 4 _a801.95/حنا
100 1 _aعبود، حنا
245 1 0 _aفصول في علم الإقتصاد الأدبي :
_bفصول مختارة من رؤى كاسندرا بريام /
264 1 _aدمشق :
_bإتحاد الكتاب العرب،
_c1997.
300 _a143ص
650 1 7 _aالنقد الأدبي
650 1 7 _aالإقتصاد
942 _2ddc
_cBK
999 _c12331
_d12331